US TV Drama by Actress Quiz Stats

Quiz Updated Jun 1, 2016

Challenge
Share
Tweet
Score 0/25 Timer 07:00
2 Plays Today
% Correct
Game of Thrones
91.7%
Grey's Anatomy
85.8%
Mad Men
83.3%
The Walking Dead
75.1%
Veronica Mars
71.2%
Lost
71.1%
The Good Wife
69.2%
Homeland
56.6%
House, M.D.
50%
Breaking Bad
50%
True Blood
49.9%
Gotham
43.7%
Dexter
43%
% Correct
Pretty Little Liars
40.4%
Under the Dome
31.8%
24
31.7%
Penny Dreadful
29.5%
Hart of Dixie
24.8%
Battlestar Galactica
24.3%
Boardwalk Empire
21.9%
Prison Break
21.8%
The Following
16.6%
The Leftovers
11.3%
Deadwood
7.8%
Hostages
6.6%

You're not logged in!

Compare scores with friends on all Sporcle quizzes.
Join for Free
OR
Log In

You Might Also Like...

Show Comments

Extras

Top Quizzes Today


Score Distribution

Your Account Isn't Verified!

In order to create a playlist on Sporcle, you need to verify the email address you used during registration. Go to your Sporcle Settings to finish the process.

Report this User

Report this user for behavior that violates our Community Guidelines.

Details: